000 00710nam a22001697a 4500
003 NUST
038 _aNusrat Nadeem
082 _a200
100 _aSaghar, Hooryia
_9125087
245 _aBuilding Bridges to Employee Productivity: Investigating the Interplay of Talent Management Practices, Psychological Safety, Person-Organization Fit, and Employee Performance in the Hospitality Sector of Pakistan/
_cHooryia Saghar,
264 _aIslamabad;
_bNBS NUST;
_c2024.
300 _a158,p;
_bill;
_c30,cm.
650 _a MS- Management and Human Resource
_9125088
700 _aSupervisor: Dr. Muhammed Zeeshan Mirza
_9123062
856 _uhttp://10.250.8.41:8080/xmlui/handle/123456789/45335
942 _2ddc
_cSC
999 _c610843
_d610843